Loading...
| History - American | 1 | 4 | 0 | 1 | 55 | 59 | 103.60 | 1 | 3 | 0.00 | 0.00 |
| History - World | 0 | 5 | 0 | 0 | 50 | 85 | 97.80 | 1 | 1 | 0.00 | 0.00 |
| History - Other | 0 | 3 | 1 | 1 | 25 | 88 | 109.00 | 0 | 2 | 0.00 | 0.00 |
| Geography | 1 | 1 | 0 | 0 | 25 | 67 | 80.50 | 0 | 1 | 0.00 | 0.00 |
| Social Science | 0 | 2 | 0 | 0 | 20 | 84 | 94.00 | 0 | 1 | 0.00 | 0.00 |
| Current Events | 0 | 1 | 0 | 0 | 10 | 92 | 92.00 | 0 | 0 | 0.00 | 0.00 |
| Fine Arts - Other | 0 | 1 | 0 | 0 | 10 | 109 | 109.00 | 0 | 0 | 0.00 | 0.00 |
| Mythology | 0 | 1 | 0 | 0 | 10 | 117 | 117.00 | 0 | 0 | 0.00 | 0.00 |
| Other Academic | 0 | 1 | 0 | 1 | 10 | 126 | 126.00 | 0 | 0 | 0.00 | 0.00 |
| Philosophy | 0 | 1 | 0 | 0 | 10 | 117 | 117.00 | 0 | 0 | 0.00 | 0.00 |
| Science - Biology | 0 | 1 | 0 | 1 | 10 | 118 | 118.00 | 0 | 0 | 0.00 | 0.00 |
| Science - Other | 0 | 1 | 0 | 0 | 10 | 102 | 102.00 | 0 | 0 | 0.00 | 0.00 |
| History - European | 0 | 1 | 3 | 0 | -5 | 88 | 88.00 | 0 | 0 | 0.00 | 0.00 |